Carta sobre el comercio de libros
Gespeichert in:
| 1. Verfasser: | |
|---|---|
| Format: | Unbekannt |
| Sprache: | Englisch |
| Veröffentlicht: |
Barcelona, España
Seix Barral
2013
|
| Schlagworte: | |
| Tags: |
Tag hinzufügen
Keine Tags, Fügen Sie den ersten Tag hinzu!
|
MARC
| LEADER | 00000 a2200000 4500 | ||
|---|---|---|---|
| 003 | CL-VaPUC | ||
| 005 | 20220321101502.0 | ||
| 008 | 200626b ||||| |||| 00| 0 eng d | ||
| 999 | |c 423256 |d 423254 | ||
| 020 | |a 9788432214820 | ||
| 040 | |c Pontificia Universidad Católica de Valparaíso | ||
| 082 | |a 070.50944 DID 2013 | ||
| 100 | |a Diderot, Denis |e autor |d 1713-1784. |9 814360 | ||
| 245 | |a Carta sobre el comercio de libros | ||
| 260 | |a Barcelona, España |b Seix Barral |c 2013 | ||
| 300 | |a 141 páginas | ||
| 583 | |k Cristina Rojas |c 20200626 | ||
| 650 | 0 | |a Libreros |v Primeros trabajos hasta 1800 |z Francia |9 856624 | |
| 650 | 0 | |a Editores y editoriales |v Trabajos iniciales hasta 1800 |z Francia |9 856625 | |
| 650 | 0 | |a Industrias y comercio del libro |z Francia |9 856626 | |
| 852 | |a BIBHIS | ||
| 942 | |2 ddc |c BK | ||
| 952 | |0 0 |1 0 |2 ddc |4 0 |6 070_509440000000000_DID_2013 |7 0 |8 A |9 576573 |a BIBHIS |b BIBHIS |d 2020-06-09 |e 3 |g 9599.00 |i 5576342 |o 070.50944 DID 2013 |p 5576342 |r 2025-01-20 |t 2 |v 9599.00 |w 2020-06-09 |y BK |k HIS | ||
| 952 | |0 0 |1 0 |2 ddc |4 0 |6 070_509440000000000_DID_2013 |7 0 |8 A |9 576574 |a BIBHIS |b BIBHIS |d 2020-06-09 |e 3 |g 9599.00 |i 5576334 |o 070.50944 DID 2013 |p 5576334 |r 2025-01-20 |t 1 |v 9599.00 |w 2020-06-09 |y BK |k HIS | ||